[Event "TCh-CHN 2012"]
[Site "Beijing CHN"]
[Date "2012.05.01"]
[Round "4"]
[White "Gunina,V"]
[Black "Zhai Mo"]
[Result "1-0"]
[WhiteElo "2511"]
[BlackElo "2262"]

1.d4 Nf6 2.Nf3 e6 3.c4 Bb4+ 4.Bd2 a5 5.g3 d6 6.Bg2 Nbd7 7.O-O O-O 8.Bg5 a4
9.a3 Ba5 10.Qxa4 Ra6 11.b4 Bb6 12.Qc2 c6 13.Nc3 h6 14.Bf4 Bc7 15.b5 Ra8 16.Rfd1 d5
17.Bxc7 Qxc7 18.cxd5 cxd5 19.Rac1 Qa5 20.a4 Nb6 21.Ne5 Bd7 22.e4 Rfd8 23.Nd3 Nxa4
24.Nxa4 Qxa4 25.Qxa4 Rxa4 26.Nc5 Raa8 27.e5 Ne8 28.Nxd7 Rxd7 29.b6 Rdd8 30.Bf1 Ra5
31.Ra1 Rda8 32.Rxa5 Rxa5 33.Rc1 Ra8 34.Bb5 Rd8 35.Bxe8 Rxe8 36.Rc7 Ra8 37.Rxb7 Ra1+
38.Kg2 Rb1 39.f4 Rb2+ 40.Kf3 g6 41.g4 Rxh2 42.f5 gxf5 43.gxf5 Rb2 44.fxe6 fxe6
45.Kg4 Kf8 46.Kh5 Ke8 47.Kxh6 Kd8 48.Kg6 Kc8 49.Rc7+ Kd8 50.Kf6 Rxb6 51.Rh7 Ra6
52.Re7 Ra4 53.Kxe6 Rxd4 54.Rd7+ Ke8 55.Ra7 Kf8 56.Ra8+ Kg7 57.Kd6 Re4 58.Ra7+ Kf8
59.e6 d4 60.Rf7+ Ke8 61.Rh7 Kf8 62.e7+ Kg8 63.Rh4 Re1 64.Kd7  1-0

[Event "Copenhagen Chess Challenge 2012"]
[Site "Ballerup DEN"]
[Date "2012.05.04"]
[Round "5"]
[White "Teplyi,I"]
[Black "Stojanovski,Sa"]
[Result "1-0"]
[WhiteElo "2388"]
[BlackElo "2200"]

1.d4 Nf6 2.Nf3 e6 3.c4 Bb4+ 4.Bd2 Qe7 5.g3 O-O 6.Bg2 Bxd2+ 7.Qxd2 d6 8.Nc3 e5
9.O-O Bg4 10.Rac1 Bxf3 11.Bxf3 exd4 12.Qxd4 Nc6 13.Qf4 Ne5 14.Bg2 Rab8 15.Nd5 Nxd5
16.cxd5 c5 17.dxc6 bxc6 18.b3 c5 19.Rfd1 Rb4 20.Qe3 Qf6 21.Qc3 Qe7 22.Qe3 Qf6
23.Qc3 Qe7 24.Qd2 Rd4 25.Qe3 Rxd1+ 26.Rxd1 Qc7 27.Qe4 Rc8 28.Qd5 Rd8 29.h3 Ng6
30.Qe4 Ne7 31.Qa4 g6 32.e3 d5 33.Rc1 Rc8 34.h4 Qb6 35.h5 Kg7 36.Qf4 Qe6 37.Rxc5 Rxc5
38.Qd4+ Kh6 39.Qxc5 g5 40.Qxa7 Nf5 41.Qc5 d4 42.e4 d3 43.Qxf5 Qc6 44.e5 d2
45.Bxc6  1-0

[Event "Copenhagen Chess Challenge 2012"]
[Site "Ballerup DEN"]
[Date "2012.05.06"]
[Round "8"]
[White "Pedersen,NicK"]
[Black "Ulrich,T2"]
[Result "1-0"]
[WhiteElo "2138"]
[BlackElo "1933"]

1.d4 Nf6 2.Nf3 e6 3.c4 Bb4+ 4.Bd2 c5 5.Bxb4 cxb4 6.Nbd2 d6 7.e3 O-O 8.Bd3 Qe7
9.O-O e5 10.Qc2 h6 11.c5 dxc5 12.Nxe5 cxd4 13.exd4 Nc6 14.Nxc6 bxc6 15.Ne4 Bd7
16.Rfe1 Nxe4 17.Bxe4 Qd6 18.Rad1 Rfc8 19.Qc5 Qxc5 20.dxc5 Be6 21.Rd6 Rc7
22.b3 Kf8 23.f4 Rac8 24.f5 Bd5 25.Kf2 Bxe4 26.Rxe4 Re8 27.Rxb4 Re5 28.f6 gxf6
29.Rxf6 Kg7 30.Rff4 Rxc5 31.Rbc4 Rd5 32.Rc2 Rd6 33.Rfc4 Rcd7 34.Kf3 Rf6+
35.Ke3 Re6+ 36.Kf3 Rf6+ 37.Rf4 Rfd6 38.Rfc4 Rf6+ 39.Ke3 Re6+ 40.Re4 Red6
41.g3 Rd3+ 42.Ke2 R3d6 43.Rec4 Re6+ 44.Kf2 Red6 45.a3 Rf6+ 46.Kg2 Rd3 47.R4c3 Rff3
48.Rxd3 Rxd3 49.Rxc6 Rxb3 50.Ra6 Rb7 51.a4 Re7 52.Kf3 Kh7 53.a5 Kg7 54.Rc6 Re5
55.a6 Ra5 56.Ke4 h5 57.Kf4 Kh7 58.Ke4 Kg7 59.Rd6 Kh7 60.Kf3 Kg7 61.Kg2 Kh7
62.Kh3 Kg7 63.Kh4 Kh7 64.h3 Kg7 65.g4 hxg4 66.hxg4 Kh7 67.g5 Kg7 68.Kh5 Ra2
69.Kg4 Ra5 70.Rc6 Kh7 71.Kf4 Kg7 72.Rf6 Ra4+ 73.Kf5 Ra5+ 74.Kg4 Ra4+ 75.Kh5 Ra5
76.Rc6 Kh7 77.Rc7 Rxa6 78.Rxf7+ Kg8 79.Rc7 Ra2 80.Kh6 Rh2+ 81.Kg6 Kf8 82.Rf7+ Ke8
83.Rxa7 Kf8 84.Ra8+ Ke7 85.Kg7 Rg2 86.g6 Rg3 87.Ra1 Ke6 88.Re1+ Kd5  1-0

[Event "42nd Bosna Open B"]
[Site "Sarajevo BIH"]
[Date "2012.05.06"]
[Round "3.7"]
[White "Pantic,B"]
[Black "Veleski,R"]
[Result "0-1"]
[WhiteElo "2099"]
[BlackElo "2262"]

1.d4 Nf6 2.c4 e6 3.Nf3 Bb4+ 4.Bd2 Qe7 5.g3 Nc6 6.Bg2 Bxd2+ 7.Nbxd2 Qb4 8.Qc2 O-O
9.O-O Qe7 10.a3 d6 11.b4 e5 12.d5 Nd8 13.e4 Nh5 14.Rac1 f5 15.c5 fxe4 16.Nxe4 Bf5
17.Nh4 Bxe4 18.Bxe4 Nf6 19.Bg2 g6 20.f4 Nf7 21.Rce1 Kg7 22.Be4 Nxe4 23.Qxe4 Rae8
24.Nf3 Qd8 25.fxe5 Nxe5 26.Nd4 Rxf1+ 27.Rxf1 Kg8 28.Ne6 Qe7 29.cxd6 cxd6
30.Rc1 Qf6 31.Kg2 Ng4 32.Rc2 Qf5 33.Qxf5 gxf5 34.Kf3 Nf6 35.Rd2 Kf7 36.Kf4 Kg6
37.Nc7 Re4+ 38.Kf3 Rc4 39.Nb5 Ne4 40.Rd3 Rc2 41.Nxa7 Rxh2 42.Nb5 Kg5 43.Nd4 Nd2+
44.Ke3 Nc4+  0-1

[Event "47th Capablanca Memorial Premier"]
[Site "Havana CUB"]
[Date "2012.05.07"]
[Round "4.2"]
[White "Hernandez Carmenates,Hold"]
[Black "Alvarez Pedraza,A"]
[Result "1-0"]
[WhiteElo "2570"]
[BlackElo "2551"]

1.d4 Nf6 2.c4 e6 3.Nf3 Bb4+ 4.Bd2 a5 5.g3 d6 6.Bg2 Nbd7 7.O-O e5 8.e3 c6
9.a3 Bxd2 10.Nfxd2 O-O 11.Nc3 exd4 12.exd4 Nb6 13.d5 cxd5 14.cxd5 Bf5 15.Qf3 Qd7
16.Rfe1 Bh3 17.Bxh3 Qxh3 18.Nde4 Ng4 19.Qg2 Qh6 20.h3 Ne5 21.f4 Ned7 22.Nb5 Nxd5
23.Nexd6 N5b6 24.Nxb7 Nc4 25.a4 Rae8 26.b3 Qb6+ 27.Kh2 Ne3 28.Qf3 Nf6 29.N7d6 Re6
30.Re2 Nfg4+ 31.hxg4 Rh6+ 32.Kg1 Nc2+ 33.Kg2 Nxa1 34.Nxf7 Re6 35.Ne5 Qc5
36.Qd3 Rfe8 37.Qc4 Qxc4 38.bxc4 Rc8 39.Rb2 Kf8 40.Kf3 Rxe5 41.fxe5 Rxc4 42.Nd6 Rc3+
43.Ke4 Nb3 44.Kd5 g6 45.Rf2+ Kg8 46.e6 Rd3+ 47.Kc4 Rxd6 48.e7 Rc6+ 49.Kxb3 Rc8
50.Rf8+ Rxf8 51.exf8=Q+ Kxf8 52.Kc4 Ke7 53.Kb5 Kd6 54.Kxa5 Kc5 55.g5 Kc6
56.Kb4 Kb6 57.a5+ Ka6 58.Ka4 Ka7 59.Kb5 Kb7 60.a6+ Kc7 61.Kc5 Kc8 62.Kb6 Kb8
63.a7+  1-0

[Event "14th Salou Open"]
[Site "Salou ESP"]
[Date "2012.05.09"]
[Round "7.1"]
[White "Burmakin,V"]
[Black "Fedorchuk,S"]
[Result "1/2-1/2"]
[WhiteElo "2586"]
[BlackElo "2634"]

1.d4 Nf6 2.Nf3 e6 3.c4 Bb4+ 4.Bd2 a5 5.g3 b6 6.Bg2 Bb7 7.O-O O-O 8.Nc3 d6
9.Qc2 Nbd7 10.Rfd1 Bxc3 11.Bxc3 Be4 12.Qc1 c6 13.b3 h6 14.Nd2 Bxg2 15.Kxg2 d5
16.Qc2 Qc7 17.Rdc1 Rfc8 18.Bb2  1/2-1/2

[Event "ch-CZE 2012"]
[Site "Kouty nad Desnou CZE"]
[Date "2012.05.14"]
[Round "3"]
[White "Cernousek,L"]
[Black "Kozak,Mi"]
[Result "1/2-1/2"]
[WhiteElo "2440"]
[BlackElo "2216"]

1.d4 Nf6 2.c4 e6 3.Nf3 Bb4+ 4.Bd2 a5 5.Nc3 b6 6.g3 Ba6 7.b3 c6 8.a3 Be7 9.e4 d5
10.Bd3 dxc4 11.Bxc4 b5  1/2-1/2

[Event "71st ch-GEO 2012"]
[Site "Tbilisi GEO"]
[Date "2012.05.14"]
[Round "2"]
[White "Arutinian,D"]
[Black "Shanava,K"]
[Result "1/2-1/2"]
[WhiteElo "2561"]
[BlackElo "2589"]

1.d4 Nf6 2.c4 e6 3.Nf3 Bb4+ 4.Bd2 Bxd2+ 5.Qxd2 d5 6.g3 c6 7.Bg2 Nbd7 8.O-O O-O
9.b3 b6 10.a4 a5 11.cxd5 cxd5 12.Na3 Ba6 13.Rfc1 Rc8 14.e3 Ne4 15.Qe1 Rxc1
16.Rxc1 Qb8 17.Nb5 Rc8 18.Bf1 Bb7 19.Nd2 Rxc1 20.Qxc1 Nxd2 21.Qxd2 Bc6 22.b4 axb4
23.Qxb4 Bxb5 24.Bxb5 Nf6 25.Bd3 Qc7 26.Kg2 g6 27.h3 Ne8 28.Qb2 Nd6 29.Qb4 Kg7
30.Qb2 h5  1/2-1/2

[Event "Open Hradec Kralove 2012"]
[Site "Hradec Kralove CZE"]
[Date "2012.05.17"]
[Round "7"]
[White "Vlckova,Katerina"]
[Black "Vavra,P2"]
[Result "0-1"]
[WhiteElo "1829"]
[BlackElo "2116"]

1.d4 Nf6 2.c4 e6 3.Nf3 Bb4+ 4.Bd2 Qe7 5.a3 Bxd2+ 6.Nbxd2 d6 7.e4 e5 8.d5 a5
9.Be2 O-O 10.O-O Bg4 11.Qc2 Nbd7 12.Rfe1 g6 13.h3 Bxf3 14.Bxf3 a4 15.Re3 Nc5
16.Rf1 Nfd7 17.Bg4 Kg7 18.Rg3 Nf6 19.Bd1 c6 20.Re1 cxd5 21.cxd5 Rac8 22.Rc3 Rc7
23.Qc1 Rfc8 24.Ree3 b5 25.Be2 Rb7 26.Rc2 Rcb8 27.f3 b4 28.Nc4 Nb3 29.Qe1 Nd4
30.Rd2 Nb3 31.Rc2 bxa3 32.bxa3 Nd4 33.Rc1 Nh5 34.Qa5 Qg5 35.Rec3 Rb2 36.Bf1 Nf4
37.h4 Rxg2+  0-1

[Event "21st CRO-Cup"]
[Site "Sibenik CRO"]
[Date "2012.05.17"]
[Round "2.112"]
[White "Livaic,Leon"]
[Black "Berke,A"]
[Result "0-1"]
[WhiteElo "1830"]
[BlackElo "2153"]

1.d4 Nf6 2.Nf3 e6 3.c4 Bb4+ 4.Bd2 Qe7 5.Nc3 Nc6 6.a3 Bxc3 7.Bxc3 Ne4 8.Qc2 f5
9.e3 b6 10.Bd3 Bb7 11.Bxe4 fxe4 12.Qxe4 Na5 13.Qd3 O-O 14.Bxa5 bxa5 15.Qe2 c5
16.Rd1 cxd4 17.Rxd4 Rac8 18.Qd2 Bxf3 19.gxf3 Rxf3 20.Rxd7 Qf6 21.Rg1 g6 22.Rd4 Rf8
23.Rf1 Qe5 24.h4 a4 25.Rd8 Qe4 26.Rxf8+ Rxf8 27.Qd4 Qb1+ 28.Ke2 Qc2+ 29.Qd2 Qxc4+
30.Qd3 Qxh4 31.Qa6 Qf6 32.Qb7 Rf7 33.Qc8+ Kg7 34.Qc3 e5 35.e4 Qf4 36.f3 h5
37.Rh1 Qg3 38.Rf1 h4 39.Qe3 Rb7 40.Rb1 h3 41.Qf2 Qf4 42.Qe3 Qxe3+ 43.Kxe3 h2
44.Kf2 Rxb2+  0-1

[Event "21st CRO-Cup"]
[Site "Sibenik CRO"]
[Date "2012.05.18"]
[Round "4.53"]
[White "Ascic,P"]
[Black "Juranic,B"]
[Result "1-0"]
[WhiteElo "2298"]
[BlackElo "2175"]

1.d4 Nf6 2.c4 e6 3.Nf3 Bb4+ 4.Bd2 c5 5.Bxb4 cxb4 6.Nbd2 d5 7.e3 O-O 8.Bd3 Nc6
9.O-O b6 10.Qe2 Bb7 11.Rfc1 Qe7 12.cxd5 Nxd5 13.Ba6 Rfd8 14.g3 Nf6 15.Rc2 Rab8
16.Bxb7 Qxb7 17.Qb5 Rbc8 18.Rac1 a6 19.Qf1 Na5 20.Ne5 Rxc2 21.Rxc2 Rc8 22.Qc1 Rxc2
23.Qxc2 h6 24.f3 Nd5 25.Kf2 Qc7 26.Qxc7 Nxc7 27.e4 f6 28.Nec4 Nxc4 29.Nxc4 b5
30.Na5 Kf7 31.b3 Ke7 32.Nc6+ Kd6 33.Nxb4 a5 34.Nc2 b4 35.Ke3 Nb5 36.Kd3 Kc6
37.h4 Kb6 38.h5 Kc6 39.g4 Kb6 40.Ne3 Nc7 41.Kc4 Nb5 42.Kd3 Nc7 43.f4 Kb5
44.f5 exf5 45.Nxf5 Ne8 46.e5 fxe5 47.dxe5 Kc5 48.Ke4 Kc6 49.g5 Kd7 50.g6 Ke6
51.Nd4+ Kd7 52.Kd5 Nc7+ 53.Kc5 Ke7 54.Kc6 Ne6 55.Nxe6  1-0

[Event "e2e4 Amersham Open"]
[Site "Amersham ENG"]
[Date "2012.05.19"]
[Round "2"]
[White "Arkell,K"]
[Black "Spence,D"]
[Result "1/2-1/2"]
[WhiteElo "2435"]
[BlackElo "2235"]

1.d4 e6 2.c4 Nf6 3.Nf3 Bb4+ 4.Bd2 Qe7 5.g3 Nc6 6.Nc3 Bxc3 7.Bxc3 Ne4 8.Rc1 Nxc3
9.Rxc3 O-O 10.Bg2 d6 11.d5 Nd8 12.dxe6 Nxe6 13.O-O Bd7 14.Re3 Bc6 15.Nd4 Bxg2
16.Kxg2 Qd7 17.Nxe6 fxe6 18.Qd4 Qc6+ 19.f3 Rfe8 20.b4 Re7 21.Rb1 b6 22.c5 bxc5
23.bxc5 e5 24.Qc3 d5 25.Rd1 Qe6 26.Qb2 c6 27.f4 Qg6 28.Rf1 Rae8 29.f5 Qf7
30.Rb3 d4 31.Qc2 Qd5+ 32.Kg1 e4 33.Rb4 d3 34.Qb3 Re5 35.exd3 exd3 36.Rd4 Qxb3
37.axb3 Rxc5 38.Rxd3 Re2 39.Rdf3 Rcc2 40.R1f2 Rxf2 41.Rxf2 Rc3 42.b4 Rc4
43.Rb2 Kf7 44.b5 Kf6 45.bxc6 Rxc6 46.Rb5 Ra6 47.Kg2 Ra2+ 48.Kf3 a6 49.Rc5 Rxh2
50.Ra5 Rb2 51.Rxa6+ Kxf5 52.Ra5+ Kg6 53.g4 Rb3+ 54.Kg2 h6 55.Rc5 Rd3 56.Ra5 Kf6
57.Rb5 Re3 58.Rf5+ Ke6 59.Ra5 Re5 60.Ra6+ Kf7 61.Kf3 Re1 62.Ra5 g5 63.Rb5 Kg6
64.Ra5 h5 65.gxh5+ Kxh5 66.Ra8 g4+ 67.Kf4 Rf1+ 68.Kg3 Rf3+ 69.Kg2 Rf5 70.Kg3 Rf3+  1/2-1/2

[Event "30th Liechtenstein Open 2012"]
[Site "Triesen LIE"]
[Date "2012.05.19"]
[Round "9.5"]
[White "Kessler,L"]
[Black "Dgebuadze,A"]
[Result "0-1"]
[WhiteElo "2233"]
[BlackElo "2558"]

1.d4 Nf6 2.c4 e6 3.Nf3 Bb4+ 4.Bd2 Qe7 5.g3 b6 6.Bg2 Bb7 7.O-O Bxd2 8.Qxd2 d6
9.Nc3 Ne4 10.Qc2 Nxc3 11.Qxc3 O-O 12.c5 Bd5 13.Rfc1 a5 14.Nd2 Bxg2 15.Kxg2 bxc5
16.dxc5 d5 17.e4 Nc6 18.exd5 exd5 19.Re1 Qd7 20.Rad1 d4 21.Qf3 Rfe8 22.Nc4 h6
23.b3 Rad8 24.Rxe8+ Rxe8 25.a3 Qe6 26.Nd2 f5 27.Nc4 Rd8 28.Rc1 Kh8 29.h4 Kg8
30.Kg1 d3 31.Qe3 Qd5 32.Rd1 a4 33.Nb2 Ne5 34.f4 Ng4  0-1

[Event "Vlado Andriusaicio Rapid A 2012"]
[Site "Vilnius LTU"]
[Date "2012.05.26"]
[Round "3"]
[White "Laurusas,T"]
[Black "Bagdzius,G"]
[Result "1-0"]
[WhiteElo "2410"]
[BlackElo "1998"]

1.d4 e6 2.c4 Nf6 3.Nf3 Bb4+ 4.Bd2 Qe7 5.g3 b6 6.Bg2 Bb7 7.O-O Bxd2 8.Nbxd2 O-O
9.Qc2 d6 10.e4 e5 11.Rfe1 Nbd7 12.Rad1 Rfe8 13.Nf1 Rad8 14.Nh4 Qf8 15.Qd3 a5
16.Nd2 Bc8 17.Nf5 g6 18.Ne3 exd4 19.Qxd4 Qg7 20.b3 Nc5 21.a3 Bg4 22.f3 Bc8
23.b4 axb4 24.axb4 Ne6 25.Qc3 Nd7 26.Qxg7+ Kxg7 27.Ra1 Ne5 28.f4 Nd3 29.Reb1 c5
30.Nd5 Nd4 31.b5 Bb7 32.Nxb6 Nb4 33.Ra7 Bc8 34.Nd5 Nxd5 35.cxd5 Bg4 36.b6 Rb8
37.Nc4 Red8 38.e5 dxe5 39.Nxe5 Bf5 40.Rxf7+ Kh6 41.g4  1-0

[Event "Albena Masters Open 2012"]
[Site "Albena BUL"]
[Date "2012.05.31"]
[Round "6.38"]
[White "Bucher,M"]
[Black "Horoschavina,O"]
[Result "1-0"]
[WhiteElo "2215"]
[BlackElo "2082"]

1.d4 Nf6 2.Nf3 e6 3.c4 Bb4+ 4.Bd2 Be7 5.Nc3 c5 6.d5 d6 7.e4 O-O 8.Be2 Nbd7
9.O-O Ne8 10.Qc2 e5 11.Ne1 Bg5 12.Nd3 Bxd2 13.Qxd2 Nb6 14.b3 f5 15.f4 fxe4
16.Nxe4 Bf5 17.fxe5 dxe5 18.Ndxc5 Nd6 19.Bd3 Nxe4 20.Bxe4 Qc7 21.Qe3 Bxe4
22.Nxe4 Nd7 23.c5 Nf6 24.d6 Qd7 25.b4 Kh8 26.Nxf6 gxf6 27.Qe4 a5 28.a3 Qg7
29.b5 Rad8 30.Rad1 Qd7 31.c6 bxc6 32.bxc6 Qa7+ 33.Kh1 Qc5 34.d7 Qb6 35.Qd5 Kg7
36.Qd6  1-0

[Event "TCh-FRA Top 12 2012"]
[Site "Belfort FRA"]
[Date "2012.06.04"]
[Round "5.6"]
[White "Houska,Jo"]
[Black "Riff,JN"]
[Result "1/2-1/2"]
[WhiteElo "2411"]
[BlackElo "2494"]

1.d4 Nf6 2.Nf3 e6 3.c4 Bb4+ 4.Bd2 a5 5.g3 d6 6.Bg2 Nbd7 7.O-O e5 8.e3 c6
9.Bxb4 axb4 10.Qb3 c5 11.Nbd2 Qb6 12.a3 bxa3 13.Rxa3 Rxa3  1/2-1/2

[Event "Asian Junior Open 2012"]
[Site "Tashkent UZB"]
[Date "2012.06.05"]
[Round "7.9"]
[White "Yakubboev,Nodirbek"]
[Black "Sattarov,B"]
[Result "1-0"]
[WhiteElo "1909"]
[BlackElo "2151"]

1.d4 Nf6 2.Nf3 e6 3.c4 Bb4+ 4.Bd2 Qe7 5.a3 Bxd2+ 6.Qxd2 O-O 7.Nc3 d6 8.g3 Nbd7
9.Bg2 e5 10.O-O Re8 11.e4 a5 12.b4 b6 13.Rfe1 Ba6 14.b5 Bb7 15.Nd5 Nxd5 16.cxd5 exd4
17.Nxd4 Qf6 18.Rac1 Nc5 19.Re3 a4 20.Rce1 Rad8 21.f4 g6 22.e5 dxe5 23.fxe5 Qg5
24.Qa2 Re7 25.Nc6 Bxc6 26.bxc6 Rde8 27.h4 Qh6 28.Qf2 Qf8 29.Qf6 Qg7 30.Qf4 Rf8
31.d6 Ree8 32.d7 Ra8 33.Qf6 Ne6 34.Bd5 Nd8 35.Rf1 Ra5 36.e6 Qxf6 37.Rxf6 fxe6
38.Bxe6+ Kg7 39.Rxf8 Kxf8 40.Bd5 Kg7 41.Re8 Ra8 42.Kf2 h6 43.Ke3 Kf6 44.g4 Rb8
45.Kf4 g5+ 46.hxg5+ hxg5+ 47.Ke4 Ra8 48.Kd4 Rb8 49.Kc4 Ra8 50.Kb4 Kg7 51.Be4 Kf6
52.Kc4 Rb8 53.Kd3 Kf7 54.Bd5+ Kf6 55.Kc4 Kg6 56.Rg8+ Kf6 57.Re8 Kg7 58.Kb5 Ra8
59.Be4 Kf6 60.Kb4 Kg7 61.Re5 Nf7 62.Rf5 Nd6 63.Rxg5+ Kf6 64.Rg6+ Ke5 65.Bg2 Rh8
66.Kxa4 Ra8+ 67.Kb4 Rh8 68.a4 Ra8 69.g5 Rh8 70.a5 bxa5+ 71.Kxa5 Rb8 72.Rh6 Nc4+
73.Ka4 Kd4 74.g6 Nb2+ 75.Ka5 Ra8+ 76.Kb5 Ke5 77.g7 Rb8+ 78.Ka6 Nd3 79.Rh8 Nc5+
80.Ka7 Rb6 81.g8=Q Ra6+ 82.Kb8 Rb6+ 83.Kc8 Ne6 84.Rh5+  1-0

[Event "11th TCh-BIH Premier w"]
[Site "Jahorina BIH"]
[Date "2012.06.06"]
[Round "5.1"]
[White "Slijepcevic,R"]
[Black "Milicevic,Dajana"]
[Result "1/2-1/2"]
[WhiteElo "1869"]
[BlackElo "1670"]

1.d4 Nf6 2.c4 e6 3.Nf3 Bb4+ 4.Bd2 c5 5.e3 O-O 6.Bd3 Bxd2+ 7.Nbxd2 cxd4 8.Nxd4 Nc6
9.Nxc6 dxc6 10.Nf3 Qa5+ 11.Qd2 Qxd2+ 12.Nxd2 c5 13.Ne4 Nxe4 14.Bxe4 Rb8 15.Rd1 b6
16.O-O Bb7 17.Bxb7 Rxb7  1/2-1/2

[Event "TCh-FRA Top 12 2012"]
[Site "Belfort FRA"]
[Date "2012.06.07"]
[Round "8.7"]
[White "Pelletier,Y"]
[Black "Genzling,A"]
[Result "1/2-1/2"]
[WhiteElo "2587"]
[BlackElo "2408"]

1.d4 Nf6 2.c4 e6 3.Nf3 Bb4+ 4.Bd2 Qe7 5.g3 Nc6 6.Nc3 Bxc3 7.Bxc3 Ne4 8.Rc1 Nxc3
9.Rxc3 d6 10.d5 Nb8 11.Bg2 O-O 12.O-O e5 13.b4 Bg4 14.Nd2 Nd7 15.Nb3 b6 16.c5 a5
17.c6 axb4 18.Rc4 Nf6 19.Qd2 Ra3 20.Rxb4 Rfa8 21.Ra1 h6 22.e4 Ne8 23.Qc2 f5
24.h3 Bh5 25.exf5 Nf6 26.Nd2 R3a5 27.Qb3 Bf7 28.Rb5 Rxb5 29.Qxb5 Ra5 30.Qb2 Nxd5
31.Nb3 Ra4 32.Nd2 Qe8 33.Qc2 Qa8 34.Ne4 Nb4 35.Qd2 d5 36.Nc3 Ra5 37.a3 e4
38.Nxe4 Rxa3 39.Rxa3 Qxa3 40.Nc3 Qa5 41.f6 Qc5 42.fxg7 Qxc6 43.Ne2 Qd6 44.Nd4 Qf6
45.Qxb4 c5 46.Qd2 cxd4 47.Qa2 Qd6 48.Qd2 Qf6 49.Qa2 Qg5 50.Qb2 Qf6  1/2-1/2

[Event "TCh-FRA Top 12 2012"]
[Site "Belfort FRA"]
[Date "2012.06.10"]
[Round "11.8"]
[White "Delorme,L"]
[Black "Fruteau,S"]
[Result "1-0"]
[WhiteElo "2236"]
[BlackElo "2127"]

1.d4 Nf6 2.c4 e6 3.Nf3 Bb4+ 4.Bd2 Qe7 5.g3 b6 6.Bg2 Bb7 7.O-O Bxd2 8.Qxd2 O-O
9.Nc3 d6 10.Qc2 a5 11.e4 e5 12.Rfe1 Na6 13.Rad1 c6 14.a3 Rfc8 15.Bh3 Re8
16.c5 bxc5 17.dxe5 dxe5 18.Na4 Bc8 19.Bxc8 Raxc8 20.Nb6 Rb8 21.Nc4 Qc7 22.Rd6 Rb5
23.Red1 Nb8 24.Qd3 Rf8 25.Nfxe5 Ne8 26.Rd8 a4 27.Qf3 Rb3 28.Qf5 g6 29.Qh3 Qe7
30.Qc8 Kg7 31.Nxc6 Nxc6 32.Qxc6 Nf6 33.Rxf8 Kxf8 34.e5 Nh5 35.Qxa4 Rb8 36.Qd7 Ng7
37.Qc6 Ne6 38.Rd7 Qg5 39.Qd6+ Kg7 40.Qxe6 Rf8 41.Nd6  1-0

[Event "FSIMA June 2012"]
[Site "Budapest HUN"]
[Date "2012.06.10"]
[Round "8.3"]
[White "Wang Xinyue"]
[Black "Szeberenyi,A"]
[Result "1/2-1/2"]
[WhiteElo "2041"]
[BlackElo "2335"]

1.d4 Nf6 2.c4 e6 3.Nf3 Bb4+ 4.Bd2 a5 5.g3 b6 6.Bg2 Bb7 7.O-O O-O 8.Bf4 d5
9.c5 a4 10.a3 Ba5 11.Qxa4 bxc5 12.dxc5 Nc6 13.Qc2 Qe7 14.b4 e5 15.Bc1 e4
16.Nfd2 Bxb4 17.axb4 Rxa1 18.Qc3 Ra4 19.Ba3 Qe5 20.Qb3 Rfa8 21.e3 Qh5 22.f3 Ne5
23.f4 Nc4 24.Nxc4 dxc4 25.Qc3 Nd5 26.Qc1 Nxb4 27.Qc3 Nd5 28.Qb2 Bc6 29.Re1 c3
30.Qb3 c2 31.Qxc2 Rxa3 32.Nxa3 Rxa3 33.Bxe4 Rxe3 34.Rxe3 Nxe3 35.Qd3 Nd5
36.Bf3 Qg6 37.f5 Qg5 38.Bxd5 Qc1+ 39.Kg2 Qxc5 40.Bxc6 Qxc6+ 41.Kf2 h6 42.Qd8+ Kh7
43.Qd3 Qf6 44.Kg2 c5 45.Qd5 Qe7 46.f6 gxf6 47.Qf5+ Kh8 48.Qc8+ Kg7 49.Qg4+ Kf8
50.Qc8+ Qe8 51.Qxc5+ Kg7 52.Qf5 Qe2+ 53.Kh3 h5 54.g4 Qe3+ 55.Kg2 Qg5 56.Kf3 Kh6
57.Qc8 Qd5+ 58.Kg3 Qe5+ 59.Kg2 Qe4+ 60.Kg3 Qe3+ 61.Kg2 Qe2+ 62.Kg3 h4+ 63.Kh3 Kg7
64.Qf5 Qd2 65.Qf3 Qe1 66.Qf4 Kg6 67.Qf5+ Kg7 68.Qf4 Kg6 69.Qf5+ Kg7 70.Qf4 Kg6
71.Qf5+  1/2-1/2

[Event "TCh-NOR Clubs 2012"]
[Site "Fagernes NOR"]
[Date "2012.06.10"]
[Round "5"]
[White "Stokhaug,Jon Arne"]
[Black "Riiser,Samuel"]
[Result "1/2-1/2"]
[WhiteElo "1827"]
[BlackElo "1825"]

1.d4 Nf6 2.Nf3 e6 3.c4 Bb4+ 4.Bd2 Bxd2+ 5.Nbxd2 O-O 6.g3 b6 7.Bg2 Bb7 8.O-O d5
9.Rc1 dxc4 10.Nxc4 Nbd7 11.a3 c5 12.dxc5 Nxc5 13.b4 Nce4 14.Qc2 Rc8 15.Qb2 Qe7
16.Rfd1 Rfd8 17.Nd4 Bd5 18.Ne3 Bb7 19.Nc4 Bd5  1/2-1/2

[Event "26th Pula Open"]
[Site "Pula CRO"]
[Date "2012.06.10"]
[Round "2.9"]
[White "Borkovec,M"]
[Black "Sipos,I"]
[Result "1/2-1/2"]
[WhiteElo "2153"]
[BlackElo "2445"]

1.d4 Nf6 2.c4 e6 3.Nf3 Bb4+ 4.Bd2 c5 5.dxc5 Bxc5 6.Nc3 O-O 7.e3 Nc6 8.Be2 b6
9.O-O Bb7 10.a3 Rc8 11.Rc1 Re8 12.b4 Bf8 13.Qb3 d6 14.Rfd1 Qc7 15.Nd5 Qd8
16.Nxf6+ Qxf6 17.Bc3 e5 18.Bd3 Ne7 19.Nd2 d5 20.Qb2 Ng6 21.cxd5 Bxd5 22.Be4 Red8
23.Bxg6 Qxg6 24.e4 Bxe4 25.Nxe4 Rxd1+ 26.Rxd1 Qxe4 27.Bxe5 Rc2 28.Qd4 Qxd4
29.Bxd4 f6 30.g3 Kf7 31.Kg2 Ke6 32.Kf3 Ra2 33.Rd3 Bd6 34.h3 h5 35.g4 hxg4+  1/2-1/2

[Event "5th Mayors Cup 2012"]
[Site "Mumbai IND"]
[Date "2012.06.11"]
[Round "7.3"]
[White "Chadaev,N"]
[Black "Stupak,K"]
[Result "1/2-1/2"]
[WhiteElo "2563"]
[BlackElo "2513"]

1.d4 e6 2.Nf3 Nf6 3.c4 Bb4+ 4.Bd2 Bxd2+ 5.Qxd2 O-O 6.Nc3 d5 7.e3 Nbd7 8.cxd5 exd5
9.Bd3 c5 10.dxc5 Nxc5 11.O-O b6 12.Be2 Bb7 13.Rfd1 Rc8 14.Rac1 Qe7 15.Nd4 Rfd8
16.Qe1 a6 17.Bf3 g6 18.Nde2 Qe5 19.h3 Nce4 20.Nd4 Rc7 21.Na4 b5 22.Rxc7 Qxc7
23.Rc1 Qd6 24.Nc3 Rc8 25.Nce2 Rc4 26.Nb3 Qc7 27.Ned4 Rxc1 28.Qxc1 Qxc1+ 29.Nxc1 Nc5
30.Kf1 Kf8 31.b4 Na4 32.Bd1 Nb6 33.f3 Ke7 34.Nd3 Kd6 35.Nc5 Bc8 36.Ke2 Nfd7
37.Nxd7 Nxd7 38.Bc2 Nf8 39.Kd2 Ne6 40.Kc3 Ke5 41.f4+ Kd6 42.Nxe6 Bxe6 43.Kd4 h5
44.Bb3 h4 45.Bd1 f5 46.Bf3 Bf7 47.a3 Be6 48.Kd3 Ke7 49.Bd1 Bd7 50.Bf3 Bc6
51.Ke2 Kd6 52.Kd3 Bb7 53.Kd4 Bc6 54.Bd1 Bd7 55.Bc2 Be8  1/2-1/2

[Event "26th Pula Open"]
[Site "Pula CRO"]
[Date "2012.06.12"]
[Round "5.11"]
[White "Shafarostov,A"]
[Black "Zelcic,R"]
[Result "0-1"]
[WhiteElo "2058"]
[BlackElo "2560"]

1.d4 Nf6 2.c4 e6 3.Nf3 Bb4+ 4.Bd2 Qe7 5.g3 Bxd2+ 6.Nbxd2 d6 7.Bg2 e5 8.O-O O-O
9.e4 a5 10.b3 Bg4 11.Qc2 Nc6 12.d5 Nb4 13.Qc3 c6 14.a3 Na6 15.Qxa5 Nc5 16.Qb4 Nfxe4
17.Nxe4 Nxe4 18.Nh4 c5 19.Qe1 Nf6 20.f4 Bd7 21.fxe5 dxe5 22.Nf5 Bxf5 23.Rxf5 Nd7
24.Qd2 Qd6 25.g4 Rae8 26.g5 g6 27.Rf2 f5 28.gxf6 Rxf6 29.Be4 Ref8 30.Raf1 Kg7
31.Qe3 Rf4 32.Bg2 Rxf2 33.Rxf2 Rxf2 34.Kxf2 Nf6 35.h3 Nh5 36.Be4 Nf4 37.Kg3 b6
38.Qf3 h5 39.Kh2 Qf6 40.a4 Qe7 41.Qf2 h4 42.Qf3 Nh5 43.Qg4 Qf6 44.Qf3 Qg5
45.Qg4 Qd2+ 46.Bg2 Nf4 47.Qg5 Kf7 48.Qg4 Qxg2+ 49.Qxg2 Nxg2 50.Kxg2 Kf6 51.Kf2 e4
52.Ke3 Ke5 53.d6 Kxd6 54.Kxe4 Ke6 55.Kf4 Kf6 56.Ke4 g5 57.Kf3 Kf5 58.Ke3 g4
59.hxg4+ Kxg4 60.Kf2 h3 61.Kg1 Kg3 62.Kh1 h2  0-1

[Event "16th Voronezh Master Open"]
[Site "Voronezh RUS"]
[Date "2012.06.12"]
[Round "1.20"]
[White "Gorshkov,Yury"]
[Black "Kharitonov,Alexandr"]
[Result "1/2-1/2"]
[WhiteElo "2267"]
[BlackElo "2547"]

1.d4 Nf6 2.c4 e6 3.Nf3 Bb4+ 4.Bd2 a5 5.g3 b6 6.Bg2 Bb7 7.O-O O-O 8.Nc3 d6
9.Qc2 Nbd7 10.b3 Qe7 11.a3 Bxc3 12.Bxc3 Be4 13.Qb2 d5 14.Nd2 Bxg2 15.Kxg2 Rfc8
16.b4 c5 17.dxc5 bxc5 18.cxd5 exd5 19.bxc5 Qxe2 20.Bxf6 Nxf6 21.Rfe1 Qg4
22.Rac1 Rc6 23.Qb5 Qc8 24.Rc2 h5 25.h4 a4 26.Re5 Rb8 27.Qxa4 Rxc5 28.Rxc5 Qxc5
29.Ne4 Nxe4 30.Qxe4 dxe4 31.Rxc5 g6 32.Re5 f5 33.Ra5 Rb2 34.Kf1 Kg7 35.Ra7+ Kh6
36.Kg1 Rb6 37.Kg2 g5 38.hxg5+ Kxg5 39.Ra8 Rb2 40.Rg8+ Kf6  1/2-1/2

[Event "16th Voronezh Master Open"]
[Site "Voronezh RUS"]
[Date "2012.06.13"]
[Round "2.32"]
[White "Gusarov,G"]
[Black "Sheremet,A"]
[Result "1-0"]
[WhiteElo "2349"]
[BlackElo "2113"]

1.d4 Nf6 2.Nf3 e6 3.c4 Bb4+ 4.Bd2 Qe7 5.g3 Nc6 6.Nc3 d5 7.a3 Bxc3 8.Bxc3 Ne4
9.Qb3 Nxc3 10.Qxc3 O-O 11.Bg2 dxc4 12.O-O e5 13.d5 e4 14.dxc6 exf3 15.Bxf3 bxc6
16.Qxc4 Rb8 17.b4 c5 18.bxc5 Be6 19.Qc3 Rb3 20.Qa5 c6 21.Rab1 Rxb1 22.Rxb1 Qd7
23.Qa6 Rc8 24.Qb7 Qd4 25.Qxa7 g5 26.Rb8 Bh3 27.Rb1 Rd8 28.Qa5 Kg7 29.Re1 h5
30.Qb4 Qe5 31.e3 Qf5 32.Bxc6 Qc2 33.Be4 Qa2 34.Qc3+ f6 35.Qc2 Qxa3 36.c6 Qa5
37.Rd1 h4 38.Qb1 Rc8 39.Qa1 Qc5 40.Rc1 Qd6 41.Rd1 Qc5 42.Rd5 Ra8 43.Qb2 Qb4
44.Qxb4  1-0

[Event "5th Mayors Cup 2012"]
[Site "Mumbai IND"]
[Date "2012.06.15"]
[Round "11.2"]
[White "Deviatkin,A"]
[Black "Stupak,K"]
[Result "1/2-1/2"]
[WhiteElo "2577"]
[BlackElo "2513"]

1.d4 e6 2.c4 Nf6 3.Nf3 Bb4+ 4.Bd2 Bxd2+ 5.Qxd2 O-O 6.Nc3 d5 7.e3 Qe7 8.cxd5 exd5
9.Bd3 Rd8 10.O-O Nc6 11.Rfc1  1/2-1/2

[Event "Paleros Open"]
[Site "Paleros GRE"]
[Date "2012.06.18"]
[Round "4"]
[White "Antic,De"]
[Black "Pappas,An"]
[Result "1-0"]
[WhiteElo "2518"]
[BlackElo "2044"]

1.d4 Nf6 2.Nf3 e6 3.c4 Bb4+ 4.Bd2 Qe7 5.g3 b6 6.Bg2 Bb7 7.O-O Bxd2 8.Qxd2 d6
9.Nc3 O-O 10.Qc2 c5 11.e4 Nbd7 12.Rad1 Rab8 13.Rfe1 a6 14.d5 e5 15.Nh4 g6
16.Bf1 Nh5 17.Qd2 Bc8 18.Ng2 Ndf6 19.f3 Bd7 20.Rb1 Ne8 21.b4 Neg7 22.Rb2 Rfc8
23.Reb1 Qd8 24.Rb3 f5 25.Qb2 Ra8 26.bxc5 bxc5 27.Rb7 Nf6 28.Qb6 Nge8 29.Bd3 fxe4
30.Nxe4 Nxe4 31.Bxe4 Kf8 32.Qxd8 Rxd8 33.R1b6 Ke7 34.f4 Kf6 35.Bc2 h6 36.fxe5+ Kxe5
37.Bxg6 Kd4 38.Rb3 Kxc4 39.Rd3 Bb5 40.a3  1-0